000 00329nam a22001337a 4500
999 _c5714
_d5712
005 20210831130430.0
008 180628b xxu||||| |||| 00| 0 eng d
041 _aeng
100 _aKAPUR, DR ANUP CHAND
_94418
245 _aPRINCIPLES OF POLITICAL SCIENCE
260 _aNEW DELHI
_bS CHAND
_c1950
300 _a832p,
942 _cBK